000 002570000a22000970004500
100 1 _aJames, Ross
245 1 0 _aPrioridades del aprendizaje : El ABC del aprendizaje por radio
300 _aNúm 35 (1998), Páginas 12-13
773 0 _tPaso a paso
942 _cANA
999 _c52393
_d52393